Formulación operativa de objetivos didácticos /

Guardado en:
Autor Principal: Mager, Robert Frank
Formato: Libro
Publicado: Madrid : Marova, 1980
Edición:5a. ed.
Series:Biblioteca del educador
Materias:
Etiquetas: Agregar Etiqueta
Sin Etiquetas, Sea el primero en etiquetar este registro!
LEADER 00788nam a22002175a 4500
001 CEM.cems004070
005 20060216000000.0
008 130507s1980##################000#0#####d
003 CEMS
082 0 4 |a 371 
100 1 |a Mager, Robert Frank 
245 1 0 |a Formulación operativa de objetivos didácticos / 
250 |a 5a. ed. 
260 |a Madrid :  |b Marova,  |c 1980 
300 |a 144 p. 
490 0 |a Biblioteca del educador 
505 0 |a Los objetivos.- Por qu' nos interesan los objetivos.- Cualidades de los objetivos operativos.- Realizaci¢n.- Condiciónes.- Criterio de evaluaci¢n.- Obstaculos y dificultades.- Perfecciónes subt'cnicas.- 
653 |a Educacion 
653 |a Objetivos didacticos 
653 |a Pedagogia 
859 |a CEMS  |b BIB. CEMS - 11 de abril  |h 371  |i M272a5  |p 11323.82  |t Ej.1